000 00980cam a2200313Ia 4500
008
020 _a1857759141 (pbk.)
049 _aMAIN
090 _aRA971.H43
_bHEA
245 0 0 _aHealthcare performance and organisational culture /
_cTim Scott ... [et al.]
260 _aAbingdon, Oxon, U.K. :
_bRadcliffe Medical Press,
_cc2003.
500 _aIncludes index.
504 _aIncludes bibliographical references.
650 0 _aHealth services administration.
650 0 _aCorporate culture.
650 0 _aOrganizational effectiveness.
650 0 _aOrganizational behavior.
650 1 2 _aHealth Services Administration.
650 2 2 _aOrganizational Culture.
700 1 _aScott, Tim.
700 _aMannion, Russell.
700 _aDavies, Huw.
700 _aMarshall, Martin.
907 _a.b10360517
_b03-09-15
_c02-09-15
003
005 20230123122147.0
040 _cNUST
942 _cBOOKS
_kRA971.H43
_mHEA
999 _c128854
_d128854